| 000 | 01353nam0a22002531 4500 | ||
|---|---|---|---|
| 001 | rc\947583 | ||
| 005 | 20260407103714.0 | ||
| 035 | _a(NLR Aleph) 006119538 | ||
| 090 |
_a5445875 _c5445875 |
||
| 100 | _a20041129d1982 |||y0rusy50 ca | ||
| 101 | 0 | _arus | |
| 102 | _aRU | ||
| 105 | _aa ||||||||| | ||
| 200 | 1 |
_aМетодические рекомендации по обработке почвы в севооборотах с зерновыми культурами при использовании элементов минимализации в условиях центральных районов Нечерноземной зоны РСФСР _fВАСХНИЛ, Отд-ние по Нечернозем. зоне РСФСР, НИИ сел. хоз-ва центр. р-нов Нечернозем. зоны _g[Разраб. Сараниным К.И. и др.] |
|
| 210 |
_aМ. _cНИИСХЦРНЗ _d1982 |
||
| 215 |
_a30 с. _cил. _d20 |
||
| 702 | 1 |
_aСаранин _bК. И. _gКонстантин Исидорович _4570 |
|
| 712 | 0 | 2 |
_4570 _aНИИ сельского хозяйства центральных районов нечерноземной зоны _cМосква _9360913 _3RU\NLR\AUTH\889932836 |
| 801 | 0 |
_aRU _bNLR _gpsbo |
|
| 801 | 1 |
_aRU _bELAR _2rusmarc |
|
| 852 |
_aNLR _j83-4/10614 |
||
| 942 | _cBOOK | ||
| 980 | _aNB | ||